Library Logo

Getting your message across : (Record no. 139790)

000 -LEADER
fixed length control field 00779cam a2200253 i 4500
001 - CONTROL NUMBER
control field 2299765
003 - CONTROL NUMBER IDENTIFIER
control field BD-DhUL
005 - DATE AND TIME OF LATEST TRANSACTION
control field 20161221134127.0
008 - FIXED-LENGTH DATA ELEMENTS--GENERAL INFORMATION
fixed length control field 801211s1981 mnua b 001 0 eng
010 ## - LIBRARY OF CONGRESS CONTROL NUMBER
LC control number 80029111
020 ## - INTERNATIONAL STANDARD BOOK NUMBER
International Standard Book Number 0829903623 :
Terms of availability $13.56
040 ## - CATALOGING SOURCE
Original cataloging agency DLC
Transcribing agency DLC
Modifying agency DLC
-- BD-DhUL
050 00 - LIBRARY OF CONGRESS CALL NUMBER
Classification number HF5718
Item number .G47
082 00 - DEWEY DECIMAL CLASSIFICATION NUMBER
Classification number 658.4
Edition number 19
Item number ARG
245 00 - TITLE STATEMENT
Title Getting your message across :
Remainder of title a practical guide to business communication /
Statement of responsibility, etc. Craig Aronoff ... [et al.].
260 ## - PUBLICATION, DISTRIBUTION, ETC. (IMPRINT)
Place of publication, distribution, etc. St. Paul :
Name of publisher, distributor, etc. West Pub. Co.,
Date of publication, distribution, etc. c1981.
300 ## - PHYSICAL DESCRIPTION
Extent viii, 411 p. :
Other physical details ill. ;
Dimensions 26 cm.
500 ## - GENERAL NOTE
General note Includes index.
504 ## - BIBLIOGRAPHY, ETC. NOTE
Bibliography, etc Bibliography: p. 402-405.
650 #0 - SUBJECT ADDED ENTRY--TOPICAL TERM
Topical term or geographic name as entry element Business communication.
650 #0 - SUBJECT ADDED ENTRY--TOPICAL TERM
Topical term or geographic name as entry element Commercial correspondence.
700 1# - ADDED ENTRY--PERSONAL NAME
Personal name Aronoff, Craig E.
942 ## - ADDED ENTRY ELEMENTS (KOHA)
Source of classification or shelving scheme
Koha item type Books
Holdings
Price effective from Date last seen Permanent Location Not for loan Date acquired Source of classification or shelving scheme Koha item type Lost status Withdrawn status Copy number Source of acquisition Collection code Damaged status Shelving location Barcode Current Location Full call number
2016-12-212016-12-21Dhaka University Library 2016-12-21 Books  1GiftNon Fiction General StacksA236153Dhaka University Library658.4 ARG
Last Updated on September 15, 2019
© Dhaka University Library. All Rights Reserved|Staff Login